000 00444nam a2200169Ia 4500
008 230711s9999||||xx |||||||||||||| ||und||
020 _a978-81-317-5688-1
041 _aENG
082 _a547
_bVO-Q
100 _aVogel,Arthur I
245 0 _aElementary practical organic Chemistry : Qualitative organic analysis : Part 3
250 _a2nd Ed.
260 _c2013
_aNew Delhi
_bPearson
300 _a646p.
650 _aChemistry
942 _cBK
999 _c6199
_d6199